Game of Thrones Swords - Statistics

General Stats
  • This quiz has been taken 271 times
  • The average score is 6 of 10
Answer Stats
Wielder Name % Correct
Eddard Stark Ice
97%
Arya Stark Needle
97%
Jaime Lannister, Brienne of Tarth Oathkeeper
88%
Jorah and Jeor Mormont, Jon Snow Longclaw
83%
Joffrey Baratheon, Tommen Baratheon, Jaime Lannister Widows Wail
80%
Randyll Tarly, Samwell Tarly Heartsbane
54%
Arthur Dayne Dawn
42%
Joffrey Baratheon Hearteater
39%
Stannis Baratheon Lightbringer
36%
Lion's Tooth
12%
No matching quizzes found
Score Distribution
Percent of People with Each Score
Percentile by Number Answered
Your Score History
You have not taken this quiz